Essays on Shakespeare /

Bibliographic Details
Main Author: Empson, William, 1906-1984
Other Authors: Pirie, David
Format: Book
Language:English
Published: Cambridge, Cambridgeshire ; New York : Cambridge University Press, 1986.
Subjects:
Classic Catalogue: View this record in Classic Catalogue
LEADER 01823nam a2200313 a 4500
001 0017074
003 BD-DhAAL
008 090713s1986 enk b 000 0 eng d
010 |a \\\85029977  
020 |a 0521255775 
020 |a 0521311500 (pbk.) 
040 |a DLC  |c DLC  |d DLC  |d BD-DhAAL 
082 0 0 |a 822.33  |2 19 
100 1 |a Empson, William,  |d 1906-1984.  |9 58281 
245 1 0 |a Essays on Shakespeare /  |c William Empson ; edited by David B. Pirie. 
260 |a Cambridge, Cambridgeshire ;  |a New York :  |b Cambridge University Press,  |c 1986. 
300 |a ix, 246 p. ;  |c 23 cm 
504 |a Includes bibliographical references (pages 244-246). 
526 |a ENH  |x Tabassum Zaman Faculty Member of BRAC University 
541 1 |e 0017074  |a Law Publishers 
600 1 0 |a Shakespeare, William,  |d 1564-1616  |x Criticism and interpretation. 
650 0 |a Theaters  |z England  |z London  |x History  |y 16th century.  |9 58282 
700 1 |a Pirie, David.  |9 58283 
852 4 |a Ayesha Abed Library  |c General Stacks 
942 |2 ddc  |c BK 
999 |c 2357  |d 2357 
952 |0 0  |1 0  |2 ddc  |4 0  |6 822_330000000000000_EMP_1994  |7 0  |9 2179  |a BRACUL  |b BRACUL  |c GEN  |d 2009-07-13  |e Law Publishers  |g 570.00  |l 1  |o 822.33 EMP  |p 3010017074  |r 2016-05-30  |s 2016-05-24  |t 1  |v 1140.00  |w 2009-07-13  |y BK  |x Requisitioned by Tabassum Zaman, Faculty Member of BRAC University : USD 27.99 
952 |0 0  |1 0  |2 ddc  |4 0  |6 822_330000000000000_EMP_1994  |7 0  |9 9198  |a BRACUL  |b BRACUL  |c GEN  |d 2010-04-13  |e Law Publishers  |l 0  |o 822.33 EMP  |p 3010017075  |r 2010-04-13  |t 2  |w 2010-04-13  |y BK  |x Requisitioned by Tabassum Zaman, Faculty Member of BRAC University : USD 27.99 
952 |0 0  |1 0  |2 ddc  |4 0  |6 822_330000000000000_EMP_1994  |7 0  |9 14249  |a BRACUL  |b BRACUL  |c GEN  |d 2011-01-29  |e Law Publishers  |l 1  |m 1  |o 822.33 EMP  |p 3010017076  |r 2025-04-15  |s 2025-03-19  |t 3  |w 2011-01-29  |y BK  |x Requisitioned by Tabassum Zaman, Faculty Member of BRAC University : USD 27.99